000 00490nam a2200217 454500
001 066404
003 BD-ChCU
008 Eng
020 _ax
040 _aDLC
_cDLC
_dBD-ChCU
082 0 0 _a183.4/DUH
100 1 _aDudley, Donald R.
_bx
245 1 0 _aA history of cynicism
_bFrom diogenes to the 6th century A.D.
250 _ax
260 _aLond.
_bMethuen
_c1937
300 _axii, 224
504 _ax
650 0 _aCynicism
_bCynicism
700 1 _ax
942 _2ddc
_cBK
999 _c66404
_d66404